Life atlas: (Record no. 37560)

MARC details
000 -LEADER
fixed length control field 00461nam a22001217a 4500
008 - FIXED-LENGTH DATA ELEMENTS--GENERAL INFORMATION
fixed length control field 101110t xxu||||| |||| 00| 0 eng d
245 ## - TITLE STATEMENT
Title Life atlas:
Remainder of title pictorial of the world.
260 ## - PUBLICATION, DISTRIBUTION, ETC. (IMPRINT)
Place of publication, distribution, etc New York
Name of publisher, distributor, etc Time incorporated
Date of publication, distribution, etc 1961
300 ## - PHYSICAL DESCRIPTION
Extent 600 p.
Dimensions 30 cm.
700 ## - ADDED ENTRY--PERSONAL NAME
Personal name Espenshade,Edward
942 ## - ADDED ENTRY ELEMENTS (KOHA)
Source of classification or shelving scheme Library of Congress Classification
Item type Book
Holdings
Withdrawn status Lost status Source of classification or shelving scheme Damaged status Not for loan Collection code Home library Current library Shelving location Date acquired Source of acquisition Full call number Barcode Copy number Price effective from Koha item type
    Library of Congress Classification   Not For Loan Non-fiction Bishop Okullu Memorial Library (Limuru Campus) Bishop Okullu Memorial Library (Limuru Campus) Reference 10/11/2010 purchase REF 1019 .L54 1961 023284 1 10/11/2010 Book